00422nam a2200157Ia 4500100001300000650001200013942000700025654002500032245002700057260003500084082001500119300000800134546001200142999001700154952009300171 aSampson  aEnglish cBK aCommunication skills aCommunication Skills I bNirali prakashanaMumbaic1996 a371.2bSAM a194 aENGLISH c27652d27652 001040708CRCaCRCEbCRCEd2023-03-17l0o371.2 SAMp12765r2023-03-17w2023-03-17yBK